| 000 | 00436nam a2200181 a 4500 | ||
|---|---|---|---|
| 001 | 7930 | ||
| 003 | CO-ViMGA | ||
| 008 | 141112s2004 ck r 000 u spa d | ||
| 020 | _a9682419115 | ||
| 040 |
_aCO-ViMGA _bspa _cCO-ViMGA |
||
| 082 | 0 | 4 | _aREG |
| 100 | 1 |
_aRegals, Leo _97498 |
|
| 245 | 1 | 0 | _aLa pesada casa de pasolento |
| 260 | _aMexico Trillas1986 | ||
| 300 | _a28.p.il. | ||
| 650 | 1 | 4 |
_aCUENTOS INFANTILES _92743 |
| 942 |
_2ddc _cBK |
||
| 999 |
_c19773 _d19773 |
||